2026 Korea World Baseball Classic Roster MLB Players Only - Statistics

General Stats
  • This quiz has been taken 18 times
  • The average score is 5 of 8
Answer Stats
Player Number Position MLB Team % Correct
Hyeseong Kim 3 Inf Dodgers
100%
Jung Hoo Lee 22 OF Giants
100%
Hyun Jin Ryu 99 P Blue Jays
56%
Jahmai Jones 15 OF Tigers
56%
Shay Whitcomb 10 Inf Astros
50%
Woo-Suk Go 19 P Marlins
44%
Dane Dunning 33 P Braves
38%
Riley O'Brien 55 P Cardinals
25%
No matching quizzes found
Score Distribution
Percent of People with Each Score
Percentile by Number Answered
Your Score History
You have not taken this quiz